[Event "29th Czech Rapid G1 2018"]
[Site "Pardubice CZE"]
[Date "2018.07.19"]
[Round "8.34"]
[White "Frolov, Artur"]
[Black "Bystrov, Sergej M."]
[Result "1-0"]
[WhiteTitle "IM"]
[BlackTitle "IM"]
[WhiteElo "2393"]
[BlackElo "2233"]
[WhiteFideId "14100134"]
[BlackFideId "4118561"]
[EventDate "2018.07.18"]

1. e4 d6 2. d4 Nf6 3. Nc3 e5 4. dxe5 dxe5 5. Qxd8+ Kxd8 6. Bc4 Be6 7. Bxe6 fxe6
8. f3 a6 9. Be3 Bd6 10. O-O-O Ke7 11. Nh3 Nc6 12. Rd2 Rad8 13. Rhd1 Bb4 14. Rxd8
Rxd8 15. Rxd8 Kxd8 16. Ne2 h6 17. Nf2 Bd6 18. Nd3 Nb4 19. Nxb4 Bxb4 20. c3 Bd6
21. Kc2 Nd7 22. Nc1 c5 23. b3 Kc7 24. Nd3 Kc6 25. h4 Be7 26. h5 b5 27. c4 bxc4
28. bxc4 Bd6 29. Bd2 Nb6 30. Kb3 Nd7 31. Bc3 Kb6 32. f4 exf4 33. Bxg7 Bf8 34.
Bxf8 Nxf8 35. Nxf4 Kc6 36. e5 Nd7 37. Ng6 1-0

[Event "29th Czech Rapid G1 2018"]
[Site "Pardubice CZE"]
[Date "2018.07.19"]
[Round "8.35"]
[White "Mojzis, Jaroslav"]
[Black "Westerinen, Heikki M.J."]
[Result "0-1"]
[WhiteTitle "FM"]
[BlackTitle "GM"]
[WhiteElo "2099"]
[BlackElo "2310"]
[WhiteFideId "302325"]
[BlackFideId "500020"]
[EventDate "2018.07.18"]

1. Nf3 Nf6 2. c4 g6 3. g3 Bg7 4. Bg2 O-O 5. O-O d6 6. d4 Nc6 7. d5 Na5 8. Nfd2
c5 9. Nc3 e5 10. Qc2 Ng4 11. b3 f5 12. Bb2 Bh6 13. Rae1 Bd7 14. e3 a6 15. f4 e4
16. Nd1 b5 17. Nf2 Nf6 18. h3 Bg7 19. g4 Rb8 20. gxf5 gxf5 21. Kh2 bxc4 22. Bxf6
Qxf6 23. Nxc4 Nxc4 24. Qxc4 Bb5 25. Qc2 Bxf1 26. Bxf1 a5 27. Be2 a4 28. Rg1 Kh8
29. Nh1 axb3 30. axb3 Qc3 31. Qxc3 Bxc3 32. Bc4 Bd2 33. Rg3 Rg8 34. Kg2 Bxe3 0-1

[Event "29th Czech Rapid G1 2018"]
[Site "Pardubice CZE"]
[Date "2018.07.19"]
[Round "8.36"]
[White "Gomes, Mary Ann"]
[Black "Chekletsov, Egor"]
[Result "1-0"]
[WhiteTitle "WGM"]
[WhiteElo "2284"]
[BlackElo "2123"]
[WhiteFideId "5013623"]
[BlackFideId "24175315"]
[EventDate "2018.07.18"]

1. e4 e5 2. Nf3 Nf6 3. Nxe5 Qe7 4. d4 Nc6 5. Nxc6 Qxe4+ 6. Qe2 dxc6 7. Nc3 Bb4
8. Bd2 Qxe2+ 9. Bxe2 Be6 10. f3 O-O-O 11. a3 Be7 12. Be3 Nd5 13. Nxd5 Bxd5 14.
c4 Be6 15. Kf2 f5 16. Rhe1 Bf6 17. Rad1 f4 18. Bxf4 Bxd4+ 19. Kg3 Bxb2 20. Bd3
Rde8 21. a4 g6 22. Re2 Bf5 23. Bxf5+ gxf5 24. Rxb2 1-0

[Event "29th Czech Rapid G1 2018"]
[Site "Pardubice CZE"]
[Date "2018.07.19"]
[Round "8.37"]
[White "Becker, Dirk"]
[Black "Zdrazil, Tomas"]
[Result "1-0"]
[WhiteElo "2265"]
[BlackElo "2065"]
[WhiteFideId "12938564"]
[BlackFideId "325368"]
[EventDate "2018.07.18"]

1. e4 c5 2. Nf3 d6 3. d4 cxd4 4. Nxd4 Nf6 5. f3 e5 6. Bb5+ Nbd7 7. Nf5 d5 8.
exd5 g6 9. Ne3 Qa5+ 10. Nc3 a6 11. Ba4 Bb4 12. Bb3 O-O 13. Bd2 b5 14. O-O Bb7
15. Kh1 Rfe8 16. a3 Bf8 17. Qe1 Rad8 18. Rd1 Qc7 19. Ne4 Bg7 20. Ba5 Nb6 21. c4
Nfd7 22. Rc1 f5 23. c5 Qb8 24. d6+ Kh8 25. Ng5 h6 26. Nf7+ Kh7 27. cxb6 Nf6 28.
Rc7 e4 29. f4 Nd7 30. Qh4 Nf6 1-0

[Event "29th Czech Rapid G1 2018"]
[Site "Pardubice CZE"]
[Date "2018.07.19"]
[Round "8.38"]
[White "Tarun, V Kanth"]
[Black "Lushnikov, Evgeny"]
[Result "1/2-1/2"]
[WhiteElo "2086"]
[BlackElo "2136"]
[WhiteFideId "25012185"]
[BlackFideId "24146269"]
[EventDate "2018.07.18"]

1. d4 Nf6 2. c4 e6 3. Nc3 Bb4 4. f3 d5 5. a3 Bxc3+ 6. bxc3 c5 7. cxd5 exd5 8. e3
O-O 9. Bd3 b6 10. Ne2 Ba6 11. Bxa6 Nxa6 12. O-O Re8 13. Ng3 Nc7 14. Ra2 Nb5 15.
Qd3 Nd6 16. Re2 Qc7 17. e4 cxd4 18. e5 Qc4 19. Qxc4 Nxc4 20. exf6 Rxe2 21. Nxe2
d3 22. Nf4 d2 23. Bxd2 Nxd2 24. Rd1 Nc4 25. Nxd5 gxf6 26. Nxf6+ Kg7 27. Nh5+ Kf8
28. Nf6 Kg7 29. Nh5+ Kf8 30. a4 Re8 31. Rd4 Rc8 32. Kf2 Nb2 33. Rd7 a5 34. Nf6
Kg7 35. Nh5+ Kf8 36. Nf6 Kg7 1/2-1/2

[Event "29th Czech Rapid G1 2018"]
[Site "Pardubice CZE"]
[Date "2018.07.19"]
[Round "8.39"]
[White "Balint, Vilmos"]
[Black "Priyanka, Nutakki"]
[Result "1/2-1/2"]
[WhiteElo "2220"]
[BlackElo "2180"]
[WhiteFideId "718050"]
[BlackFideId "25049615"]
[EventDate "2018.07.18"]

1. e4 e6 2. d4 d5 3. Nc3 Bb4 4. exd5 exd5 5. Bd3 Nf6 6. Ne2 O-O 7. O-O c6 8. Ng3
Nbd7 9. Bg5 h6 10. Bd2 Re8 11. Nf5 Nf8 12. Qf3 Bxc3 13. Bxc3 Ne4 14. Rfe1 Qg5
15. Ne3 Ng6 16. Bxe4 Rxe4 17. Qg3 Qe7 18. Nf1 Bf5 19. f3 Re2 20. Bb4 Qe6 21. Qc7
Nh4 22. Qg3 Ng6 23. Qc7 Nh4 24. Qg3 Ng6 25. h4 a5 26. Bc3 h5 27. Rxe2 Qxe2 28.
Re1 Qxc2 29. Ne3 Qd3 30. Qg5 Bd7 31. Kf2 Re8 32. Qxh5 Nf4 33. Qg5 Ne6 34. Qf5
Qxf5 35. Nxf5 g6 36. Nd6 Rb8 37. Bxa5 Ra8 38. Bb4 Nxd4 39. Re7 Be6 40. Rxb7 Nf5
41. Nxf5 Bxf5 42. a3 Bd3 43. Rc7 Bb5 44. g4 Re8 45. Be7 Ba4 46. Bf6 Bb5 47. Kg3
Ba4 48. Kf4 Bb5 49. b3 Rb8 50. a4 Bd3 51. Rxc6 Be2 52. Rd6 Bd1 53. Rxd5 Bxb3 54.
Rd4 Rc8 55. Kg5 Ra8 56. Kh6 Bxa4 57. f4 Bc2 58. f5 gxf5 59. g5 Re8 60. h5 f4 61.
Rxf4 Re4 62. Rf2 Ba4 63. Rb2 Be8 64. Rg2 Re6 65. Rf2 Re1 66. Ra2 Re6 67. Ra7 Re1
68. Ra8 Re6 69. Rb8 Re1 70. Rb7 Re6 71. Rc7 Re1 72. g6 fxg6 73. hxg6 Rh1+ 74.
Kg5 Rg1+ 1/2-1/2

[Event "29th Czech Rapid G1 2018"]
[Site "Pardubice CZE"]
[Date "2018.07.19"]
[Round "8.40"]
[White "Kyrychenko, Maryan"]
[Black "Annenkov, Kirill"]
[Result "0-1"]
[WhiteTitle "FM"]
[BlackTitle "FM"]
[WhiteElo "2152"]
[BlackElo "2214"]
[WhiteFideId "14137178"]
[BlackFideId "4129733"]
[EventDate "2018.07.18"]

1. e4 c6 2. d4 d5 3. e5 c5 4. dxc5 Nc6 5. a3 e6 6. b4 Nxe5 7. Bb2 Nc6 8. Nf3 Nf6
9. c4 Be7 10. Nbd2 O-O 11. Bd3 a5 12. Qb3 axb4 13. axb4 Rxa1+ 14. Bxa1 dxc4 15.
Bxc4 b6 16. Bb5 Bb7 17. Qa4 Qc7 18. cxb6 Qxb6 19. Nc4 Qc7 20. O-O Nxb4 21. Be5
Qc5 22. Bd4 Qh5 23. Nfe5 Nbd5 24. Qa7 Ba8 25. f3 Nf4 26. Kh1 N6d5 27. Nb6 Nxb6
28. Qxe7 Nbd5 29. Qd6 Qg5 30. g3 Ng6 31. Nxg6 hxg6 32. h4 Qd2 33. Qe5 Nf6 34.
Rf2 Qb4 35. Bc3 Qb3 36. Be2 Rc8 37. Bd4 Bd5 38. Kh2 Qa3 39. Bb2 Qf8 40. Ba6 Ra8
41. Bd3 Qb8 42. Qd4 Qc7 43. Rc2 Qb7 44. Qe5 0-1

[Event "29th Czech Rapid G1 2018"]
[Site "Pardubice CZE"]
[Date "2018.07.19"]
[Round "8.41"]
[White "Zhuravlev, Stepan"]
[Black "Jun, Rudolf Jr."]
[Result "1-0"]
[WhiteElo "2121"]
[BlackElo "1931"]
[WhiteFideId "34120197"]
[BlackFideId "376612"]
[EventDate "2018.07.18"]

1. d4 Nf6 2. c4 g6 3. Nc3 Bg7 4. e4 d6 5. Be2 O-O 6. Bg5 h6 7. Be3 e5 8. d5 a5
9. h4 Na6 10. h5 g5 11. f3 Nc5 12. g4 Bd7 13. Nh3 Nh7 14. Nf2 b6 15. O-O a4 16.
Qc2 Qe7 17. b4 axb3 18. axb3 Rfb8 19. b4 Nb7 20. Nd3 Nf6 21. Rfb1 Qe8 22. c5
bxc5 23. bxc5 Nxc5 24. Nxc5 dxc5 25. Bxc5 Rxa1 26. Rxa1 Bf8 27. Bxf8 Qxf8 28.
Nd1 Qb4 29. Rc1 Rb7 30. Qc5 Qxc5+ 31. Rxc5 Kf8 32. Nc3 Ke7 33. Kf2 Ne8 34. Ra5
Nd6 35. Ra8 Be8 36. Nd1 Kd7 37. Ra2 Ke7 38. Ne3 f6 39. Rc2 Ba4 40. Rc1 Bd7 41.
Rc2 Ba4 42. Ra2 Be8 43. Ke1 Bd7 44. Kd2 Be8 45. Kc3 Bd7 46. Bc4 Be8 47. Ra8 Rb6
48. Ra7 Kd8 49. Bd3 Rb8 50. Ra6 Ke7 51. Ra7 Kd8 52. Ra2 Ke7 53. Ra6 Rb7 54. Ra8
Rb6 55. Ra6 Rxa6 56. Bxa6 Bd7 57. Kb4 Be8 58. Kc5 Ba4 59. Be2 Bd7 60. Bc4 Ba4
61. Ba6 Bd7 62. Nc4 Nxc4 63. Bxc4 Ba4 64. Be2 Bd7 65. Bb5 Bxb5 66. Kxb5 Kd6 67.
Kb4 Ke7 68. Kb5 Kd6 69. Kb4 Ke7 70. Kc4 Ke8 71. Kb5 Kd7 72. Kc5 Ke7 73. Kc6 Kd8
74. d6 cxd6 75. Kxd6 1-0

[Event "29th Czech Rapid G1 2018"]
[Site "Pardubice CZE"]
[Date "2018.07.19"]
[Round "8.42"]
[White "Rosko, Lubos"]
[Black "Slovak, Kilian"]
[Result "0-1"]
[WhiteTitle "FM"]
[WhiteElo "2279"]
[BlackElo "2285"]
[WhiteFideId "321192"]
[BlackFideId "365440"]
[EventDate "2018.07.18"]

1. d4 Nf6 2. Nf3 g6 3. Bf4 Bg7 4. Nc3 d5 5. Qd2 c6 6. Bh6 O-O 7. Bxg7 Kxg7 8. h4
h5 9. Ng5 b5 10. g3 Nbd7 11. Bg2 Nb6 12. b3 a5 13. a4 b4 14. Nd1 Qd6 15. Qf4 Re8
16. Nb2 e5 17. dxe5 Qxe5 18. Qxe5 Rxe5 19. Nd3 Re7 20. e3 Nbd7 21. O-O Ba6 22.
Rfd1 Rc8 23. Rac1 Bxd3 24. cxd3 c5 25. Rc2 Nb6 26. Bf1 Rec7 27. Rdc1 Rc6 28. Nf3
Nfd7 29. Bh3 f5 30. Bf1 Kf6 31. Nd4 Rd6 32. Nb5 Re6 33. Na7 Ra8 34. Nb5 Rc8 35.
Kg2 Ke7 36. d4 c4 37. bxc4 b3 38. Rc3 b2 39. Rb1 dxc4 40. Ra3 Nf6 41. Rxb2 Nbd5
42. Rc2 Nb6 43. Nc3 Rec6 44. Rb2 Nbd5 45. Rb7+ Ke6 46. Rb5 Nxc3 47. Rxc3 Nd5 48.
Rc1 c3 49. Be2 Nb4 50. d5+ Nxd5 51. Bf3 Rc5 52. Bxd5+ Rxd5 53. Rb6+ Rd6 54. Rb5
Rd5 55. Rb6+ Ke5 56. Rxg6 c2 57. f4+ Ke4 58. Re6+ Kd3 59. e4 fxe4 60. f5 e3 61.
f6 Kd2 62. Rxc2+ Rxc2 63. f7 Rf5 0-1

[Event "29th Czech Rapid G1 2018"]
[Site "Pardubice CZE"]
[Date "2018.07.19"]
[Round "8.43"]
[White "Kukelko, Alexey"]
[Black "Soural, Jan"]
[Result "1-0"]
[WhiteElo "2196"]
[BlackElo "2192"]
[WhiteFideId "14153084"]
[BlackFideId "311928"]
[EventDate "2018.07.18"]

1. e4 c5 2. Nf3 Nc6 3. Nc3 g6 4. d4 cxd4 5. Nxd4 Bg7 6. Be3 Nf6 7. Bc4 O-O 8.
Bb3 Re8 9. O-O e6 10. h3 d5 11. exd5 Nxd5 12. Nxd5 exd5 13. c3 Be6 14. Ne2 Qd7
15. Qd2 Rad8 16. Nf4 d4 17. Nxe6 dxe3 18. Qxd7 Rxd7 19. Nc5 Rde7 20. fxe3 Bh6
21. Rae1 Kg7 22. e4 f5 23. Bd5 Nd8 24. Kf2 b6 25. Nb3 fxe4 26. Nd4 Re5 27. Bb3
Nb7 28. Ke2 Nd6 29. Nc6 Rf5 30. Nd4 Rfe5 31. Nc6 Rf5 32. Nd4 Rfe5 33. Nc6 Rf5
34. Nd4 Rfe5 35. Nc6 Rf5 36. g4 Rxf1 37. Rxf1 a5 38. Rd1 Bf4 39. Nd4 Kf6 40. Rf1
g5 41. Rd1 e3 42. Bd5 Ne4 43. Bxe4 Rxe4 44. Nc2 Re5 45. Rd3 Rb5 46. b3 a4 47. c4
Re5 48. Nxe3 axb3 49. axb3 b5 50. Kf3 bxc4 51. Nxc4 Re1 52. Kf2 Rb1 53. Ne3 Rb2+
54. Kf1 Bxe3 55. Rxe3 h5 56. Rf3+ Kg6 57. Kg1 hxg4 58. hxg4 Kg7 59. Kf1 Kg6 60.
Kg1 Kg7 61. Kf1 Kg6 62. Re3 Kf6 63. Ke1 Rg2 64. Re4 Rb2 65. b4 Kf7 66. Kd1 Kf6
67. Kc1 Rh2 68. b5 Rh7 69. b6 Rb7 70. Rb4 Ke5 71. Kd2 Kd5 72. Ke3 Kc6 73. Ke4
Rf7 74. Ke5 Kb7 75. Kd5 Rf1 76. Kc5 Rc1+ 77. Kd4 Re1 78. Rb5 Re6 79. Rxg5 Kxb6
80. Kd5 Re1 81. Re5 Rg1 82. g5 Kc7 83. Ke6 Kd8 84. Kf7 Rf1+ 85. Kg7 Kd7 86. g6
Kd6 87. Re2 Kd7 88. Re3 Rf2 89. Re5 Rf1 90. Re4 Rf2 91. Re5 Rf1 92. Kh6 Kd6 93.
Rg5 Rh1+ 94. Rh5 Rg1 95. Kh7 Ke6 96. Rh2 Kf6 97. Rf2+ Ke7 98. Kg7 Re1 99. Rf7+
Ke8 100. Rf2 Ke7 101. Rf7+ Ke8 102. Rf5 Ke7 103. Kg8 Rg1 104. g7 Rg2 105. Rf7+
Ke8 106. Rf1 Re2 107. Rf5 Ke7 108. Rf1 Re3 109. Rf7+ Ke8 110. Rf4 Ke7 111. Rg4
Re1 112. Kh7 Kf6 113. Rg6+ 1-0

[Event "29th Czech Rapid G1 2018"]
[Site "Pardubice CZE"]
[Date "2018.07.19"]
[Round "8.44"]
[White "Illetsko, Jaroslav"]
[Black "Dimitrov, Dejan"]
[Result "1/2-1/2"]
[WhiteElo "2177"]
[BlackElo "2096"]
[WhiteFideId "301795"]
[BlackFideId "2911000"]
[EventDate "2018.07.18"]

1. e4 c5 2. Nf3 Nc6 3. Bb5 Na5 4. Be2 e6 5. Nc3 a6 6. d4 cxd4 7. Nxd4 Qc7 8. O-O
Nf6 9. Qd3 b5 10. a3 Bb7 11. Bf3 Nc4 12. Qe2 Ne5 13. Bf4 Nxf3+ 14. Qxf3 e5 15.
Bg3 d6 16. Nb3 Be7 17. Qe2 O-O 18. f3 Rac8 19. Rfd1 Qc4 20. Qxc4 bxc4 21. Nd2
Rc7 22. Nf1 Rb8 23. Ne3 Ba8 24. Bh4 Rxb2 25. Bxf6 Bxf6 26. Rxd6 Bg5 27. Ncd1 c3
28. Rxa6 Rc8 29. Rd6 Bb7 30. Kf2 Be7 31. Rd3 Bc5 32. Rxc3 Bxe3+ 33. Kxe3 Rxc3+
34. Nxc3 Rxc2 35. Nd5 g6 36. f4 exf4+ 37. Nxf4 Rc4 38. Nd5 f5 39. Kd3 Ra4 40.
Nf6+ Kf7 41. e5 Bxg2 42. Nxh7 Ke6 43. Ng5+ Kxe5 44. Ke3 f4+ 45. Kf2 Bd5 46. Nf3+
Kf5 47. h3 Rc4 48. Ne1 Rc3 49. a4 Rxh3 50. a5 Rh2+ 51. Kg1 Rh1+ 52. Kf2 g5 53.
a6 g4 54. Ra5 Ke4 55. Ra4+ Kf5 56. Ra5 Ke6 57. a7 g3+ 58. Ke2 Rh8 59. Ra6+ Kf5
60. Ra5 Ke4 61. Ra4+ Ke5 62. Nd3+ Kd6 63. Nxf4 Re8+ 64. Kd2 Rf8 65. Nxd5 g2 66.
Ra1 Kxd5 67. Rg1 1/2-1/2

[Event "29th Czech Rapid G1 2018"]
[Site "Pardubice CZE"]
[Date "2018.07.19"]
[Round "8.45"]
[White "Buchcar, Tomas"]
[Black "Ruzicka, Josef"]
[Result "1-0"]
[WhiteElo "2133"]
[BlackElo "2139"]
[WhiteFideId "328421"]
[BlackFideId "383244"]
[EventDate "2018.07.18"]

1. Nf3 c5 2. c4 Nc6 3. e3 Nf6 4. Be2 d5 5. cxd5 Nxd5 6. a3 g6 7. O-O Bg7 8. Qc2
O-O 9. d3 b6 10. d4 Qd6 11. dxc5 Qxc5 12. Qxc5 bxc5 13. Nbd2 Rb8 14. Ra2 h6 15.
Ne4 Be6 16. Nxc5 Nc3 17. bxc3 Bxa2 18. Nd7 Bxc3 19. Nxf8 Kxf8 20. e4 Kg7 21. Be3
Bb2 22. a4 a5 23. Bb5 Nb4 24. Ba7 Rb7 25. Bd4+ Bxd4 26. Nxd4 e5 27. Nf3 Kf6 28.
Rc1 Ke6 29. Rc8 f6 30. Nd2 Rb6 31. Kf1 Rd6 32. Ke2 Rd4 33. f3 f5 34. g3 fxe4 35.
fxe4 Kf6 36. Rc7 Be6 37. Ke3 h5 38. h4 Rd8 39. Nf3 Bg4 40. Ng5 Be6 41. Nh7# 1-0

[Event "29th Czech Rapid G1 2018"]
[Site "Pardubice CZE"]
[Date "2018.07.19"]
[Round "8.46"]
[White "Chrz, Pavel"]
[Black "Roessler, Ulrike"]
[Result "0-1"]
[WhiteTitle "CM"]
[BlackTitle "WIM"]
[WhiteElo "2032"]
[BlackElo "2137"]
[WhiteFideId "307980"]
[BlackFideId "4622650"]
[EventDate "2018.07.18"]

1. Nf3 Nf6 2. c4 g6 3. g3 Bg7 4. Bg2 O-O 5. O-O d6 6. Nc3 e5 7. d4 Nbd7 8. e3 c6
9. b3 Re8 10. dxe5 dxe5 11. Bb2 h6 12. e4 Qc7 13. Qe2 Nc5 14. h3 Ne6 15. Na4 Nd7
16. Rad1 a5 17. Ba3 Nd4 18. Nxd4 exd4 19. f4 c5 20. e5 Rb8 21. g4 b6 22. Bd5 Nf8
23. Qf3 Bd7 24. Bc1 b5 25. Nb2 a4 26. Nd3 axb3 27. axb3 bxc4 28. bxc4 Rb3 29.
Qg2 Reb8 30. Qe2 Be6 31. f5 Bxd5 32. cxd5 c4 33. Nf2 Bxe5 34. fxg6 Nxg6 35. Ne4
Rxh3 36. Qf2 Nh4 37. d6 Qb7 38. Rde1 Nf3+ 39. Kg2 Rh2+ 40. Kxf3 Rxf2+ 41. Rxf2
d3 42. g5 h5 43. Kg2 c3 44. Kg1 d2 45. Bxd2 cxd2 46. Rxd2 Qb6+ 47. Kg2 Kg7 48.
d7 Rd8 49. Rd5 Qe6 50. Nc3 Qg4+ 51. Kf1 Bxc3 0-1

[Event "29th Czech Rapid G1 2018"]
[Site "Pardubice CZE"]
[Date "2018.07.19"]
[Round "8.47"]
[White "Roskova, Katerina"]
[Black "Zlatin, Alexander"]
[Result "0-1"]
[WhiteElo "1950"]
[BlackElo "2200"]
[WhiteFideId "330558"]
[BlackFideId "2810549"]
[EventDate "2018.07.18"]

1. d4 Nf6 2. Nf3 d5 3. g3 e6 4. Bg2 Be7 5. c4 O-O 6. O-O b6 7. Nc3 Bb7 8. cxd5
exd5 9. Bf4 Na6 10. Rc1 c5 11. a3 Qc8 12. Qd3 Re8 13. Rfd1 h6 14. Ne5 Qe6 15. e4
dxe4 16. Nxe4 Nxe4 17. Bxe4 Bxe4 18. Qxe4 cxd4 19. Rc6 Qb3 20. Rxd4 Bc5 21. Rd7
Qxb2 22. Qf3 Nb8 23. Bxh6 Qxf2+ 24. Qxf2 Bxf2+ 25. Kxf2 gxh6 26. Rdd6 Nxc6 27.
Nxc6 Re6 28. Rxe6 fxe6 29. Ke3 Kg7 30. Ke4 Kf6 31. Ne5 Rc8 32. a4 Rc2 33. Ng4+
Kg5 34. h3 Rc4+ 35. Ke5 Rxg4 36. hxg4 Kxg4 37. Kxe6 Kxg3 38. Kd6 h5 39. Kc7 h4
40. Kb7 a5 41. Kxb6 h3 42. Kxa5 h2 43. Kb6 h1=Q 0-1

[Event "29th Czech Rapid G1 2018"]
[Site "Pardubice CZE"]
[Date "2018.07.19"]
[Round "8.48"]
[White "Salykin, Aleksandr"]
[Black "Krouzel, Jaroslav"]
[Result "0-1"]
[BlackTitle "FM"]
[WhiteElo "1862"]
[BlackElo "2079"]
[WhiteFideId "44107730"]
[BlackFideId "301566"]
[EventDate "2018.07.18"]

1. d4 f5 2. c4 Nf6 3. Nc3 d6 4. g3 g6 5. Bg2 Bg7 6. e4 fxe4 7. Nxe4 Nxe4 8. Bxe4
Nc6 9. Be3 O-O 10. Ne2 Bg4 11. h3 Bd7 12. Bg2 Qc8 13. Qd2 e5 14. d5 Ne7 15. g4
c5 16. Nc3 Qc7 17. a4 a6 18. O-O Rae8 19. Kh1 Nc8 20. Ne4 b5 21. axb5 axb5 22.
b3 Nb6 23. Qd3 bxc4 24. bxc4 Ra8 25. Rxa8 Rxa8 26. f4 Rf8 27. fxe5 Rxf1+ 28.
Qxf1 Bxe5 29. Ng5 Bc8 30. Be4 Qe7 31. Qe2 Kg7 32. Bd3 h6 33. Ne4 Qf7 34. Kg2 Nd7
35. Qd2 g5 36. Qc1 Nf8 37. Ng3 Ng6 38. Nf5+ Bxf5 39. gxf5 Nh4+ 40. Kh1 Nxf5 41.
Bxf5 Qxf5 42. Kg2 Qe4+ 43. Kf1 Qh1+ 44. Ke2 Qh2+ 45. Kd3 Qxh3 46. Qa3 Bd4 0-1

[Event "29th Czech Rapid G1 2018"]
[Site "Pardubice CZE"]
[Date "2018.07.19"]
[Round "8.49"]
[White "Tarakanov, Oleg"]
[Black "Michelle Catherina, P"]
[Result "0-1"]
[BlackTitle "WIM"]
[WhiteElo "2123"]
[BlackElo "2069"]
[WhiteFideId "4500610"]
[BlackFideId "5005736"]
[EventDate "2018.07.18"]

1. e4 e5 2. Nf3 Nc6 3. d4 exd4 4. c3 d5 5. exd5 Qxd5 6. cxd4 Bg4 7. Be2 O-O-O 8.
Be3 Nf6 9. Nc3 Qd7 10. O-O Bxf3 11. Bxf3 Nxd4 12. Bxd4 Qxd4 13. Qb3 Qb6 14. Qxf7
Rd7 15. Qc4 Qb4 16. Qe2 Bd6 17. a3 Qb6 18. Rfe1 Re7 19. Qc2 Rhe8 20. Rxe7 Bxe7
21. Rc1 Bd6 22. b4 a6 23. Qd3 Kb8 24. g3 Nd7 25. Qd5 Nf6 26. Qc4 Rf8 27. Kg2 Nd7
28. Qd5 Ne5 29. Na4 Qb5 30. Nc3 Qb6 31. Na4 Qb5 32. Nc3 Qb6 33. Na4 Qb5 34. Nc3
Qb6 35. Na4 Qa7 36. Be4 Qxf2+ 37. Kh1 Qa7 38. Nc5 Bxc5 39. bxc5 Nc6 40. Rb1 Na5
41. Rd1 Ka8 42. Rb1 Kb8 43. Kg2 Ka8 44. h4 h6 45. Qe5 Rc8 46. Rc1 g5 47. h5 Nc6
48. Qe6 Rd8 49. Qxh6 Nd4 50. Qxg5 Qb8 51. Qf6 c6 52. h6 Ne2 53. Rb1 Qxg3+ 54.
Kf1 Re8 55. Qf3 Qh4 56. Qxe2 Rxe4 57. Qg2 Rg4 58. Qb2 Qh1+ 59. Ke2 Rg2+ 60. Kd3
Qh3+ 61. Kc4 Rg4+ 62. Qd4 Rxd4+ 63. Kxd4 Qxh6 64. Rb3 Qf4+ 65. Kc3 Qe3+ 66. Kc4
Qe4+ 67. Kc3 Qd5 0-1

[Event "29th Czech Rapid G1 2018"]
[Site "Pardubice CZE"]
[Date "2018.07.19"]
[Round "8.50"]
[White "Fedotov, Konstantin"]
[Black "Rakshitta, Ravi"]
[Result "0-1"]
[WhiteElo "2017"]
[BlackElo "2026"]
[WhiteFideId "4145895"]
[BlackFideId "25073230"]
[EventDate "2018.07.18"]

1. e4 e5 2. Bc4 Nf6 3. d4 exd4 4. Nf3 Nxe4 5. Qxd4 Nf6 6. Bg5 Be7 7. Nc3 Nc6 8.
Qh4 d5 9. O-O-O Be6 10. Rhe1 O-O 11. Ne5 Nxe5 12. Rxe5 h6 13. Qg3 hxg5 14. Rxg5
Ne8 15. Rh5 Bd6 16. Qd3 g6 17. Bxd5 Nf6 18. Rh3 Nxd5 19. Nxd5 Bxh3 20. Qxh3 c6
21. Ne3 Qf6 22. g3 Rad8 23. Rf1 Ba3 24. c3 Qxc3+ 25. Nc2 Qxb2# 0-1

[Event "29th Czech Rapid G1 2018"]
[Site "Pardubice CZE"]
[Date "2018.07.19"]
[Round "8.51"]
[White "Ludvik, Tomas"]
[Black "Pein, Jonathan"]
[Result "1-0"]
[WhiteElo "2048"]
[BlackElo "2106"]
[WhiteFideId "367664"]
[BlackFideId "417092"]
[EventDate "2018.07.18"]

1. d4 Nc6 2. c4 e5 3. d5 Nce7 4. Nc3 Ng6 5. g3 Bb4 6. Bd2 a5 7. Bg2 Nf6 8. e4 d6
9. Nge2 O-O 10. O-O Bd7 11. h3 Ne8 12. a3 Bc5 13. Kh2 a4 14. f4 exf4 15. gxf4 f5
16. exf5 Bxf5 17. Nxa4 Ba7 18. Be1 Nf6 19. Nac3 Nd7 20. Ng3 Nh4 21. Bh1 Bg6 22.
Nce4 Nc5 23. Nxc5 Bxc5 24. Qd2 Qf6 25. Bf2 Bxf2 26. Rxf2 Rae8 27. Raf1 Bf5 28.
Rg1 Re7 29. Re1 Rxe1 30. Qxe1 Bd7 31. Ne4 Qf5 32. Ng5 h6 33. Be4 Qf6 34. Nh7 Qe7
35. Nxf8 Kxf8 36. Rf1 Qf6 37. Qc3 Qf7 38. f5 Qh5 39. Rf2 Kf7 40. f6 g5 41. Qe3
g4 42. Bh1 Nf5 43. Rxf5 Qxf5 44. Qe7+ Kg6 45. Be4 1-0

[Event "29th Czech Rapid G1 2018"]
[Site "Pardubice CZE"]
[Date "2018.07.19"]
[Round "8.52"]
[White "Vinklarek, Ondrej"]
[Black "Holy, Filip"]
[Result "0-1"]
[WhiteElo "2071"]
[BlackElo "2057"]
[WhiteFideId "318370"]
[BlackFideId "358762"]
[EventDate "2018.07.18"]

1. d4 d5 2. Nf3 Nf6 3. c4 c6 4. Nc3 a6 5. cxd5 cxd5 6. Bf4 Nc6 7. e3 Bg4 8. h3
Bxf3 9. Qxf3 e6 10. Bd3 Be7 11. O-O O-O 12. Rac1 Rc8 13. Na4 b5 14. Nc5 Qb6 15.
Bb1 Na5 16. Nd3 Ne4 17. Qe2 Nc4 18. Rfd1 Rc6 19. Ne5 Nxe5 20. Bxe5 Rfc8 21. Rxc6
Qxc6 22. f3 Nf6 23. Qd3 Qc4 24. Qxc4 dxc4 25. Kf2 Nd7 26. Bf4 Nb6 27. e4 h6 28.
Bc2 Kf8 29. a3 Bg5 30. Bd6+ Be7 31. Bf4 Bg5 32. Bxg5 hxg5 33. Ke3 Rd8 34. g3 Ke7
35. Rh1 Rb8 36. Kd2 Rd8 37. Kc3 a5 38. h4 Rh8 39. h5 Kd6 40. g4 f6 41. Re1 e5
42. Rd1 exd4+ 43. Kxd4 Rc8 44. b3 Rc7 45. Ke3+ Ke5 46. Rd8 cxb3 47. Bxb3 Nc4+
48. Bxc4 bxc4 49. Rd5+ Ke6 50. Kd2 c3+ 51. Kc2 a4 52. Ra5 Rc4 53. Rd5 Rc7 54.
Ra5 Rc4 55. Rb5 Kd6 56. Rb4 Kc5 57. Rb8 Kd4 58. Rg8 Rc7 59. Rd8+ Ke3 60. Rd3+
Ke2 61. Rxc3 Rxc3+ 62. Kxc3 Kxf3 63. Kb4 Kxg4 64. Kxa4 Kxh5 65. Kb5 g4 66. a4 g3
67. a5 g2 68. a6 g1=Q 0-1

[Event "29th Czech Rapid G1 2018"]
[Site "Pardubice CZE"]
[Date "2018.07.19"]
[Round "8.53"]
[White "Freisler, Pavel"]
[Black "Yakimenko, Alexander A."]
[Result "1/2-1/2"]
[WhiteTitle "IM"]
[WhiteElo "2246"]
[BlackElo "2035"]
[WhiteFideId "301477"]
[BlackFideId "24141917"]
[EventDate "2018.07.18"]

1. Nf3 e6 2. g3 f5 3. Bg2 Nf6 4. d4 Be7 5. O-O O-O 6. b3 b6 7. Bb2 Bb7 8. c4 c6
9. Nbd2 d5 10. Rc1 Ne4 11. Ne5 Nd7 12. Ndf3 Rc8 13. Nxd7 Qxd7 14. Ne5 Qe8 15. e3
Ba6 16. f3 Nd6 17. Rf2 g5 18. Rfc2 f4 19. exf4 gxf4 20. cxd5 cxd5 21. Rxc8 Bxc8
22. g4 Ba6 23. Bf1 Bxf1 24. Qxf1 Nf7 25. Rc7 Nxe5 26. dxe5 Bc5+ 27. Kg2 Rf7 28.
Rxf7 Qxf7 29. Qc1 a5 30. Qd2 Be3 31. Qc2 Qb7 32. a4 b5 33. Ba3 b4 34. Bb2 Kg7
35. h4 Qe7 36. Kh3 Qc5 37. Qxc5 Bxc5 38. Kg2 Be3 39. Kf1 h5 40. Ke2 Kg6 41. Kd3
Bf2 42. Bc1 hxg4 43. fxg4 Bxh4 44. Bxf4 Bf2 45. Ke2 Bg1 46. Kf3 Bc5 47. Bd2 Bd4
48. Bf4 Bg1 49. Kg3 Bc5 50. Kh3 Bg1 51. Kg2 1/2-1/2